| 000 | 00483nam a2200169 a 4500 | ||
|---|---|---|---|
| 001 | 9370 | ||
| 003 | CO-ViMGA | ||
| 008 | 141112s2004 ck r 000 u spa d | ||
| 040 |
_aCO-ViMGA _bspa _cCO-ViMGA |
||
| 082 | 0 | 4 | _a980.4 C67c |
| 100 | 1 |
_aCortazar ; Roberto, _910179 |
|
| 245 | 1 | 0 | _aCorrespondencia dirigida al General Francisco Paula Santander. |
| 260 |
_aBogotá : _bVoluntad, _c1964 |
||
| 300 | _a14b | ||
| 650 | 1 | 4 |
_aHISTORIA, INDEPENDENCIA, COLOMBIA. _910180 |
| 942 |
_2ddc _cBK |
||
| 999 |
_c20895 _d20895 |
||